Statistics for Dragon Type Pokémon (Gen 1-9)

Click here to take the quiz!

General Stats

  • This quiz has been taken 5 times
  • The average score is 45 of 74

Answer Stats

Pokédex No.PokémonExtra Typing% Correct
483DialgaSteel
100%
149DragoniteFlying
100%
6Mega Charizard XFire (Mega)
100%
254Mega SceptileGrass (Mega)
100%
484PalkiaWater
100%
103Alolan-ExeggutorGrass (Regional)
80%
610Axew-
80%
633DeinoDark
80%
148Dragonair-
80%
147Dratini-
80%
487GiratinaGhost
80%
706Goodra(Steel - Regional)
80%
704Goomy-
80%
783Hakamo-oFighting
80%
635HydreigonDark
80%
782Jangmo-o-
80%
230KingdraWater
80%
181Mega AmpharosElectric (Mega)
80%
804NaganadelPoison
80%
384RayquazaFlying
80%
705Sliggoo(Steel - Regional)
80%
776TurtonatorFire
80%
800Ultra NecrozmaPsychic (Ultra)
80%
644ZekromElectric
80%
634ZweilousDark
80%
718ZygardeGround
80%
1018ArchaludonSteel
60%
371Bagon-
60%
691DragalgePoison
60%
886DrakloakGhost
60%
780DrampaNormal
60%
885DreepyGhost
60%
621Druddigon-
60%
890EternatusPoison
60%
330FlygonGround
60%
611Fraxure-
60%
444GabiteGround
60%
445GarchompGround
60%
443GibleGround
60%
799GuzzlordDark
60%
612Haxorus-
60%
784Kommo-oFighting
60%
646KyuremIce
60%
380LatiasPsychic
60%
381LatiosPsychic
60%
714NoibatFlying
60%
715NoivernFlying
60%
643ReshiramFire
60%
373SalamenceFlying
60%
372Shelgon-
60%
697TyrantrumRock
60%
696TyruntRock
60%
329VibravaGround
60%
842AppletunGrass
40%
840ApplinGrass
40%
997ArctibaxIce
40%
998BaxcaliburIce
40%
1011DipplinGrass
40%
887DragapultGhost
40%
841FlappleGrass
40%
996FrigibaxIce
40%
1020Gouging FireFire
40%
1019HydrappleGrass
40%
1021Raging BoltElectric
40%
895Regidrago-
40%
1009Walking WakeWater
40%
967CyclizarNormal
20%
882DracovishWater
20%
880DracozoltElectric
20%
884DuraludonSteel
20%
1007KoraidonFighting
20%
1008MiraidonElectric
20%
1005Roaring MoonDark
20%
978TatsugiriWater
20%

Score Distribution

Percentile by Number Answered

Percent of People with Each Score

Your Score History

You have not taken this quiz